Essays in politics, (Record no. 552464)
[ view plain ]
| 000 -LEADER | |
|---|---|
| fixed length control field | 00805cam a22001691 4500 |
| 082 ## - DEWEY DECIMAL CLASSIFICATION NUMBER | |
| Classification number | 320 |
| Author Mark | MAC |
| 100 1# - MAIN ENTRY--PERSONAL NAME | |
| Personal name | Macphail, Andrew. |
| 9 (RLIN) | 49678 |
| 245 00 - TITLE STATEMENT | |
| Title | Essays in politics, |
| Statement of responsibility, etc. | by Andrew Macphail. |
| 260 ## - PUBLICATION, DISTRIBUTION, ETC. | |
| Place of publication, distribution, etc. | London, |
| -- | New York [etc.] |
| Name of publisher, distributor, etc. | Longmans, Green and co., |
| Date of publication, distribution, etc. | 1909. |
| 300 ## - PHYSICAL DESCRIPTION | |
| Extent | v, 301 p. |
| Dimensions | 21 cm. |
| 500 ## - GENERAL NOTE | |
| General note | Title vignette. |
| 505 0# - FORMATTED CONTENTS NOTE | |
| Formatted contents note | I. The patience of England.--II. Loyalty--to what.--III. The Dominion and the spirit.--IV. What can Canada do.--V. New lamps for old.--VI. A patent anomaly.--VII. Protection and politics.--VIII. Why the Conservatives failed.--IX. The psychology of Canada.--X. British diplomacy and Canada. |
| 526 ## - STUDY PROGRAM INFORMATION NOTE | |
| Program name | 0 |
| Interest level | 0 |
| Reading level | 0 |
| Title point value | 320_000000000000000_MAC |
| 650 #0 - SUBJECT ADDED ENTRY--TOPICAL TERM | |
| Topical term or geographic name entry element | Tariff |
| Geographic subdivision | Canada. |
| 9 (RLIN) | 49679 |
| 856 41 - ELECTRONIC LOCATION AND ACCESS | |
| Uniform Resource Identifier | <a href="http://www.loc.gov/catdir/toc/fy0605/09035942.html">http://www.loc.gov/catdir/toc/fy0605/09035942.html</a> |
| 942 ## - ADDED ENTRY ELEMENTS (KOHA) | |
| Source of classification or shelving scheme | |
| Koha item type | Book |
| Withdrawn status | Lost status | Source of classification or shelving scheme | Damaged status | Not for loan | Permanent Location | Current Location | Shelving location | Date acquired | Total Checkouts | Full call number | Barcode | Date last seen | Price effective from | Koha item type |
|---|---|---|---|---|---|---|---|---|---|---|---|---|---|---|
| Military College of Engineering (MCE) | Military College of Engineering (MCE) | 01/16/2015 | 320 MAC | MCE-ECE.11 | 01/16/2015 | 01/16/2015 | Book |
